[Event "St Denis op 21st"]
[Site "St Denis"]
[Date "2019.10.20"]
[Round "8"]
[White "Aujoulat, Fabrice"]
[Black "Leliboux, Thais"]
[Result "0-1"]
[WhiteElo "1400"]
[BlackElo "1181"]
[PlyCount "104"]
[EventDate "2019.10.20"]
[EventType "swiss"]
[EventRounds "9"]
[EventCountry "RUF"]
[SourceTitle "CBM 192 Extra"]
[Source "Chessbase"]
[SourceDate "2019.11.06"]
[SourceVersion "1"]
[SourceVersionDate "2019.11.06"]
[SourceQuality "1"]

1. d4 d5 2. e3 Nf6 3. Bd3 Nc6 4. Nd2 e5 5. f3 Bd7 6. c3 Bd6 7. e4 exd4 8. cxd4 Nxd4 9. Ne2 Nxe2 10. Qxe2 0-0 11. 0-0 dxe4 12. Nxe4 Nxe4 13. Bxe4 Re8 14. Qc2 h6 15. Bf5 Bb5 16. Bd3 Qh4 17. g3 Qd4+ 18. Rf2 Qxd3 19. Qxd3 Bxd3 20. Kg2 Re2 21. Rxe2 Bxe2 22. Bd2 a5 23. Re1 Bb5 24. b3 Bb4 25. Bxb4 axb4 26. Ra1 c5 27. g4 c4 28. bxc4 Bxc4 29. Rc1 Rxa2+ 30. Kg3 Bb5 31. Rc5 Bc6 32. h4 b3 33. Rc1 Re2 34. h5 b2 35. Rb1 Bb5 36. Rd1 Ba4 37. Rb1 Bb3 38. f4 Ba2 39. Rxb2 Rxb2 40. g5 Be6 41. g6 fxg6 42. hxg6 b5 43. Kf3 Rc2 44. Ke4 b4 45. Ke5 Rc6 46. f5 Bxf5 47. Kxf5 b3 48. Ke5 b2 49. Kd5 Rc1 50. Ke6 b1Q 51. Ke7 Qb6 52. Kd7 Rc7+ 0-1